Statistics for Detective Conan Quiz

Click here to take the quiz!

General Stats

  • This quiz has been taken 47 times
  • The average score is 8 of 15

Answer Stats

HintAnswer% Correct
Year when the manga was first released1994
76%
Organization where Jodie Starling is workingFBI
76%
High school detective from the WestHattori Heiji
76%
Name of the cafe beneath Mouri Detective AgencyPoirot
71%
Chris Vineyard is known asVermouth
68%
This anime's creatorAoyama Gosho
65%
Kogorou Mouri's IdolOkino Youko
65%
Ayumi's surnameYoshida
59%
Kudou Yukiko's professionActress
56%
Drug that made Kudou Shinichi shrinkAPTX 4869
50%
Detective Boys' favorite action figure characterKamen Yaiba
47%
Town where most of the characters liveBeika
44%
Genta-kun's favorite fishEel
41%
Black Organization's code name are what?Liquor
21%
Masumi Sera is skilled in what martial art?Jeet Kun Do
18%

Score Distribution

Percentile by Number Answered

Percent of People with Each Score

Your Score History

You have not taken this quiz